| 000 | 00948nam a22002417a 4500 | ||
|---|---|---|---|
| 999 |
_c1508 _d1508 |
||
| 003 | AR-CdUCM | ||
| 008 | 190227b ||||| |||| 00| 0 spa d | ||
| 040 |
_aMUNICIPALIDAD PROVINCIAL DEL CUSCO _cBIBLIOTECA MUNICIPAL DEL CUSCO |
||
| 041 | _hru. | ||
| 082 |
_a330.15 / _bA33 |
||
| 245 |
_aLa integración económica,necesidad objetiva del desarrollo del socialismo mundial : _bEl socialismo de hoy / |
||
| 260 |
_aRusia _bEdit. Progreso _c1973 |
||
| 300 |
_a101 paginas ; _c19 cm. |
||
| 505 | _aLa vía de los países del Came hacia la integración --Rasgos fundamentales de la integración económica socialista --Mecanismo económico de la integración socialista ... | ||
| 650 |
_aIntegracion _95706 |
||
| 650 |
_aEconomia _9382 |
||
| 650 |
_aRevolución científica- técnica _95707 |
||
| 700 |
_aAlampiev, P. _95708 |
||
| 700 |
_aBogomolov, O. _95709 |
||
| 700 |
_aShiriaev, Y. _95710 |
||
| 942 |
_2ddc _cLIBROS |
||
| 945 |
_arjall _d2019-02-27 |
||